Elements de Droit Civil Scandinave (Record no. 90619)

MARC details
000 -LEADER
campo de control de longitud fija 00689nam a2200193 i 4500
001 - NÚMERO DE CONTROL
campo de control 90619
003 - IDENTIFICADOR DE NÚMERO DE CONTROL
campo de control ES-MaACL
005 - FECHA Y HORA DE LA ÚLTIMA TRANSACCIÓN
campo de control 20230906180517.0
007 - CAMPO FIJO DE DESCRIPCIÓN FÍSICA--INFORMACIÓN GENERAL
campo de control de longitud fija t|
008 - DATOS DE LONGITUD FIJA--INFORMACIÓN GENERAL
campo de control de longitud fija 050121s1906 fr ||||1| fre d
100 1# - ENTRADA PRINCIPAL--NOMBRE DE PERSONA
Nombre de persona Lehr, Ernest.
9 (RLIN) 71355
245 10 - MENCIÓN DEL TÍTULO
Título Elements de Droit Civil Scandinave
Resto del título : (Danemark, Norvège, Suède) /
Mención de responsabilidad, etc. par Ernest Lehr ; avec la collaboration de M.H. Munch-Petersen, M. Kristen Johanssen, M. Elsa Eschelsson.
260 ## - PUBLICACIÓN, DISTRIBUCIÓN, ETC.
Lugar de publicación, distribución, etc. Paris :
Nombre del editor, distribuidor, etc. [s.n.],
Fecha de publicación, distribución, etc. 1906 (
Lugar de fabricación/manufactura Lausanne :
Fabricante James Regney)
300 ## - DESCRIPCIÓN FÍSICA
Extensión XV, 416 p. ;
Dimensiones 23 cm.
700 1# - ENTRADA AGREGADA--NOMBRE PERSONAL
Nombre de persona Munch-Petersen, H.
9 (RLIN) 84177
700 1# - ENTRADA AGREGADA--NOMBRE PERSONAL
Nombre de persona Johanssen, Kristen.
9 (RLIN) 66724
700 1# - ENTRADA AGREGADA--NOMBRE PERSONAL
Nombre de persona Eschelsson, Elsa.
9 (RLIN) 47535
852 ## - LOCALIZACIÓN
Ubicación ES-MaACL
Número de control de estantería F-1449
Holdings
Estatus retirado Estado de pérdida Estado de daño No para préstamo Biblioteca de origen Biblioteca actual Ubicación en estantería Fecha de adquisición Fuente de adquisición Total de préstamos Signatura topográfica completa Código de barras Visto por última vez Precio de reemplazo Tipo de ítem Koha
        Biblioteca del Ateneo de Madrid Biblioteca del Ateneo de Madrid Depósito 2 17/01/2008     F-1449 1094624 23/02/2023 23/02/2023 Libro impreso